ANIME BY BAD DESCRIPTIONS - Statistics

General Stats
  • This quiz has been taken 447 times
  • The average score is 19 of 38
Answer Stats
Bad Answer % Correct
Baldie destroys everyone with a single hit One Punch Man
92%
A teenager who is bored gives out death wishes Death Note
90%
A kid eats his idols hair, turns him into a hero My Hero Academia
85%
A colorful ninja uses his words to save the world Naruto
85%
A spy, assassin, and telepath, are trying to be a family Spy X Family
79%
A group of kids try and save the world from man eating creatures Attack On Titan
77%
A copycat of Mr.fantastic tries to steal his brother's treasure left by the dead dad One Piece
73%
Can the perverted teacher be killed by the students? Even if there is a smart hot head in the class? Assassination Classroom
70%
Horny chefs serve even hornier clients whilst aiming for the top spot at a school Food Wars
68%
A fatherless kid tries to beat the system by finding his dad with his electric friend Hunter X Hunter
66%
A teen builds a harem inside of a video game, turns out its okay to have cheats Sword Art Online
63%
Can a science driven kid help the world grow? Dr.Stone
61%
A bunch of cowboys having duels, our childhood dreams coming to life Cowboy Bebop
59%
Love at first sight isn't always good, I don't think there will be a second date Tokyo Ghoul
58%
A guy with a strong sense of smell kills people while crying about not wanting to kill them Demon Slayer
57%
A group of boys play real sports with no powers and find out that speed isn't everything Haikyu!!
56%
A sexy girl in a bunny cosplay is invisible from the world, CAN THEY SEE??!! THERES A SEXY GIRL IN FRONT OF YOU!! Bunny Girl Senpai
54%
A bunch of filler mixed with boring plots Bleach
51%
A smart girl and her smarter older brother cant be seperated, even in a world where they are rulers of a kingdom No Game No Life
50%
I wonder if a banana and microwave go together? Steins: Gate
48%
Kids are the top of the food chain The Promised Neverland
48%
A man driven by groping boobs is the strongest devil human hybrid Chainsaw Man
47%
Maybe all of the suicidal people are trying to respawn and save their crush? But are they ready for the trauma? Re: Zero
46%
A powerful guild of magic users go on quests to be the best guild Fairy Tail
38%
If you had a choice between a cheat skill and a Godess which would you choose? Konosuba
36%
A midget is trying to be the king while being the weakest originally? Black Clover
35%
The son of Satan is trying to kill him? Blue Exorcist
34%
A group of magical beings try and save mc from being evil after commiting canibalism Jujutsu Kaisen
32%
A boney dude is being trapped in his MMORPG body and has a sexy waifu Overlord
32%
This man has the worst childhood, don't even try to compare, he had it worse Berserk
31%
An invisible man is suddenly the next all American NBA starting player Kuroko's Basketball
31%
An emo kid with bangs is secretly powerful Mob Psycho 100
31%
Hypnotism at its finest, especially when it involves war Code: Geass
30%
A cool man gains the weakest weapon of the four heroes, suddenly trains and easily becomes the strongest The Rising Of The Shield Hero
30%
If you die, try try again, but repeat that three times, and then save the world Dragon Ball
27%
Two tsunderes try and conceal their love for eachother Kaguya-sama: Love Is War
25%
Brothers try to save their dead mother Fullmetal Alchamist
4%
A bunch of gay dudes claiming they aren't gay Jojo's Bizzare Adventures
4%
No matching quizzes found
Score Distribution
Percent of People with Each Score
Percentile by Number Answered
Your Score History
You have not taken this quiz